Principles and Applications of Tribology / (Record no. 17086)

MARC details
000 -LEADER
fixed length control field 00872cam a22002174a 4500
001 - CONTROL NUMBER
control field 2617090
005 - DATE AND TIME OF LATEST TRANSACTION
control field 20121107114709.0
008 - FIXED-LENGTH DATA ELEMENTS--GENERAL INFORMATION
fixed length control field 980908s1999 nyua 001 0 eng
020 ## - INTERNATIONAL STANDARD BOOK NUMBER
International Standard Book Number 0471594075 (cloth : alk. paper)
082 00 - DEWEY DECIMAL CLASSIFICATION NUMBER
Classification number 621.89
Edition number 21
Item number BHU
100 1# - MAIN ENTRY--PERSONAL NAME
Personal name Bhushan, Bharat,
Dates associated with a name 1949-
9 (RLIN) 4387
245 10 - TITLE STATEMENT
Title Principles and Applications of Tribology /
Statement of responsibility, etc Bharat Bhushan.
260 ## - PUBLICATION, DISTRIBUTION, ETC. (IMPRINT)
Place of publication, distribution, etc New York :
Name of publisher, distributor, etc John Wiley,
Date of publication, distribution, etc c1999.
300 ## - PHYSICAL DESCRIPTION
Extent xix, 1020 p. :
Other physical details ill. ;
Dimensions 25 cm.
504 ## - BIBLIOGRAPHY, ETC. NOTE
Bibliography, etc Includes bibliographical references and index.
650 #0 - SUBJECT ADDED ENTRY--TOPICAL TERM
Topical term or geographic name as entry element Tribology.
9 (RLIN) 31281
653 ## - INDEX TERM--UNCONTROLLED
Resource For college
Arrived date list November2012
942 ## - ADDED ENTRY ELEMENTS (KOHA)
Source of classification or shelving scheme Dewey Decimal Classification
Item type Book - Borrowing
Holdings
Withdrawn status Item status Source of classification or shelving scheme Damaged status Not for loan Vendor Home library Current library Shelving location Date acquired Source of acquisition Total Checkouts Full call number Barcode Date last seen Date last borrowed Koha item type Total Renewals Checked out
    Dewey Decimal Classification     Baccah Central Library Central Library First floor 07/11/2012   3 621.89 BHU 000027784 15/07/2025 30/05/2013 NB - Book (Non borrowing)    
    Dewey Decimal Classification     Baccah Central Library Central Library First floor 07/11/2012   6 621.89 BHU 000027785 12/02/2024 12/02/2024 Book - Borrowing 24 13/03/2024